000
00296nam a2200121 a 4500
008
100914s1965|||| d
245
1
0
_a
Hrádza proti tichému oceánu
100
1
_a
Durasová, Marquerite
020
_c
9,10
044
_a
xo
_c
SK
041
_a
slo
260
_b
SVKL
_c
1965
_a
Bratislava
999
_c
10312
_d
10312